000 00297nam a2200121Ia 4500
008 190216s9999||||xx |||||||||||||| ||und||
100 _aSomerst Maugham W
245 0 _aLiza Of Lambeth On A Chinese Screen
260 _bHeron Books
_c1967
300 _a383
650 _aEnglish Novel
942 _cBK
999 _c12200
_d12200